000 00566nam a2200205Ia 4500
005 20250508152203.0
008 008 250505s9999 xx 000 0 eng d
037 _aTextual
040 _aFEDL
_beng
_cFEDL
041 _aeng
_2eng
084 _a335.42, SCH
_qFEDL
100 _aSchumpeter Joseph A.
245 0 _aCapitalism, socialism, and democracy
250 _a14th
260 _aLondon, UK
_bGeorge Allen and Unwin Ltd.
_c1943
300 _axviii,422p.
650 _aEconomics
942 _cTEXL
_h335.42, SCH
999 _c1334849
_d1334849